000 00678nam a2200253Ia 4500
003 OSt
005 20221005050056.0
006 a|||||r|||| 00| 0
007 ta
008 221004b |||||||| |||| 00| 0 eng d
020 _a8172361122
024 _a79377
037 _cTextual
040 _aCRL
_cCRL
_beng
041 _2eng
_aeng
082 _aB93, P1
100 _aChakravarty A K
_925487
245 0 _aSurya siddhanta
_b The astronomical principles of the text
260 _aKolkata
_bThe Asiatic Society India
_c2001
300 _a204p.
_ccm.
650 _aMATHEMATICS
942 _hB93, P1
_cTEXL
_2cc
999 _c956272
_d956272